Central Library OPAC University of Rajshahi

Evidence and documents : classified replies to the Commissioners' questions 1-3 (Record no. 85909)

MARC details
000 -LEADER
fixed length control field 01875nam a22002417a 4500
001 - CONTROL NUMBER
control field 85909
003 - CONTROL NUMBER IDENTIFIER
rucl marc code BD-RjUL
005 - DATE AND TIME OF LATEST TRANSACTION
control field 20251102160152.0
008 - FIXED-LENGTH DATA ELEMENTS--GENERAL INFORMATION
fixed length control field 251102s1919 ii ||||| w||| 00| 0 eng d
035 ## - SYSTEM CONTROL NUMBER
System control number (BD-RjUL)
040 ## - CATALOGING SOURCE
Original cataloging agency BD-RjUL
Language of cataloging eng
Transcribing agency BD-RjUL
041 ## - LANGUAGE CODE
Language code of text/sound track or separate title eng
082 ## - DEWEY DECIMAL CLASSIFICATION NUMBER
Edition number 23
Classification number 378.54
245 ## - TITLE STATEMENT
Title Evidence and documents : classified replies to the Commissioners' questions 1-3
260 ## - PUBLICATION, DISTRIBUTION, ETC. (IMPRINT)
Place of publication, distribution, etc. Calcutta, India, :
Name of publisher, distributor, etc. Superintendent Government Printing,
Date of publication, distribution, etc. 1919
500 ## - GENERAL NOTE
General note At head of title: Calcutta University Commission, 1917-19<br/>1. Defects of the existing system of university education<br/>2. Essentials of the best kind of university training<br/>3. Resources of Calcutta as a seat of learning<br/>4. Dacca and mufassal universities<br/>5. Relation between the University and colleges<br/>6. University and professional requirements<br/>7. University courses<br/>8. Conditions of admission to the University<br/>9. Use and abuse of examinations<br/>10. Improvements in university examinations<br/>11. Medium of instruction<br/>12. Scientific study of the vernaculars<br/>13. Subjects of study omited in curricula<br/>14. Government and the University<br/>15. University examinations and public service<br/>16. Research in the University<br/>17. Conditions of student life in Bengal<br/>18. Health and physical development of students<br/>19. Organisation of residence<br/>20. Financial resources for higher education<br/>21. Removal of the University to the suburbs<br/>22. Special communal interests<br/>23. Women's education
505 0# - FORMATTED CONTENTS NOTE
Formatted contents note 1. Defects of the existing system of university education<br/>2. Essentials of the best kind of university training<br/>3. Resources of Calcutta as a seat of learning
650 ## - SUBJECT ADDED ENTRY--TOPICAL TERM
Topical term or geographic name as entry element Education
Geographic subdivision India
9 (RLIN) 17031
Topical term or geographic name as entry element Education, Higher
Chronological subdivision India
9 (RLIN) 17271
Topical term or geographic name as entry element University extension
Chronological subdivision India
9 (RLIN) 17272
710 ## - ADDED ENTRY--CORPORATE NAME
Corporate name or jurisdiction name as entry element Calcutta University Commission
Date of meeting or treaty signing 1917-19
9 (RLIN) 17270
942 ## - ADDED ENTRY ELEMENTS (KOHA)
Source of classification or shelving scheme Dewey Decimal Classification
Koha item type Books
Holdings
Lost status Source of classification or shelving scheme Damaged status Not for loan Collection code Permanent Location Current Location Shelving location Date acquired Full call number Date last seen Copy number Koha item type
  Dewey Decimal Classification   Not For Loan Rare Books Central Library, University of Rajshahi Central Library, University of Rajshahi Rare Book Section 25/08/1988 RA 378.954 EVI V-8 1919 02/11/2025 C1 Books
  Dewey Decimal Classification   Not For Loan   Central Library, University of Rajshahi Central Library, University of Rajshahi Rare Book Section 25/08/1919 RA 378.54 EVI V-8 1919 02/11/2025 C-2 Books